| 000 | 00777cab a2200253 4500 | ||
|---|---|---|---|
| 001 | ABS60153 | ||
| 008 | 090401t1999 xxu||||| |||| 00| 0 eng d | ||
| 035 | _a(Sirsi) u99764 | ||
| 041 | _aeng | ||
| 100 | _aBlackwell, M. | ||
| 245 | _aNew standards strike at PFIs | ||
| 260 | _c1999 | ||
| 350 | _a0 | ||
| 490 |
_aEstates Gazette _v(9909) 6 March 1999, 163(1) |
||
| 520 | _aThe recently introduced Financial Reporting Standard 5 will make it even harder to handle PFI-style contracts. (Taken from journal head note.) | ||
| 650 | _aACCOUNTANCY | ||
| 650 |
_aContracts _96232 |
||
| 650 | _aFINANCIAL REPORTING STANDARD 5 | ||
| 650 | _aPFI | ||
| 650 | _aPROPERTY INDUSTRY | ||
| 690 | _aPROPERTY-PROPERTY FINANCE AND INVESTMENT | ||
| 942 | _n0 | ||
| 948 | _c09/03/1999 | ||
| 999 |
_c59997 _d59997 |
||